Obálka Náhled e-knihy:
PDF
Pro půjčování e-knih musíte být přihlášeni.
Jak si půjčit online?

Pohádková logopedie : boudo, budko, kdo v tobě přebývá? /

Uloženo v:
Hlavní autor: Šáchová, Irena, 1974- (Autor)
Další autoři: Obůrková, Eva, 1967- (Autor)
Médium: E-kniha
Jazyk:Czech
Vydáno: Praha : Fragment, 2017
Vydání:1. vydání
Témata:
Tagy:
Žádné tagy
LEADER 02798nam a2200697 i 4500
001 310826
003 CZ PrSKC
005 20260601215655.0
007 ta
008 170927s2017 xr a a p 000 0 cze
015 |a cnb002932804 
020 |a 9788025333044  |q (brožováno) :  |c Kč 129,00 
035 |a (OCoLC)1011103944 
040 |a ABA001  |b cze  |e rda 
072 7 |a 373.2/.3  |x Předškolní a primární výchova a vzdělávání  |2 Konspekt 
072 7 |a 0/9-053.2  |x Literatura pro děti a mládež (naučná)  |2 Konspekt 
080 |a 316.346.32-053.4  |2 MRF 
080 |a 81'233  |2 MRF 
080 |a 81'373  |2 MRF 
080 |a 376.1-056.264  |2 MRF 
080 |a 37.037  |2 MRF 
080 |a 159.955  |2 MRF 
080 |a (076.1)  |2 MRF 
080 |a (0:82-2)792.97  |2 MRF 
080 |a (0.053.2)  |2 MRF 
100 1 |a Šáchová, Irena,  |d 1974-  |7 xx0100567  |4 aut 
245 1 0 |a Pohádková logopedie :  |b boudo, budko, kdo v tobě přebývá? /  |c Irena Šáchová ; ilustrovala Eva Obůrková 
246 3 0 |a Boudo, budko, kdo v tobě přebývá? 
250 |a 1. vydání 
264 1 |a Praha :  |b Fragment,  |c 2017 
300 |a 31 stran :  |b barevné ilustrace ;  |c 30 cm +  |e 2 nečíslované listy obrazových příloh 
336 |a text  |b txt  |2 rdacontent 
336 |a statický obraz  |b sti  |2 rdacontent 
337 |a bez média  |b n  |2 rdamedia 
338 |a svazek  |b nc  |2 rdacarrier 
500 |a Příloha všita uprostřed publikace 
650 0 7 |a děti předškolního věku  |7 ph119710  |2 czenas 
650 0 7 |a řečové dovednosti  |7 ph128299  |2 czenas 
650 0 7 |a slovní zásoba  |7 ph166083  |2 czenas 
650 0 7 |a logopedie  |7 ph117229  |2 czenas 
650 0 7 |a rozvoj pozornosti  |7 ph145201  |2 czenas 
650 0 7 |a rozvoj myšlení  |7 ph135316  |2 czenas 
650 0 9 |a preschool children  |2 eczenas 
650 0 9 |a speech ability  |2 eczenas 
650 0 9 |a vocabulary  |2 eczenas 
650 0 9 |a speech therapy  |2 eczenas 
650 0 9 |a development of attention  |2 eczenas 
650 0 9 |a development of thought  |2 eczenas 
655 7 |a pracovní sešity  |7 fd133116  |2 czenas 
655 7 |a loutkové hry  |7 fd132777  |2 czenas 
655 7 |a publikace pro děti  |7 fd133156  |2 czenas 
655 9 |a activity books  |2 eczenas 
655 9 |a puppet plays  |2 eczenas 
655 9 |a children's literature  |2 eczenas 
700 1 |a Obůrková, Eva,  |d 1967-  |7 jo2002106253  |4 ill 
900 |a ABA001  |b 19 
928 9 |a Albatros Media - Fragment 
044 |a xr 
910 |a RBIT002 
998 |d 175182  |a https://core.palmknihy.cz/api/books/175182/cover?3cbjmz  |b https://core.palmknihy.cz/api/books/175182/cover/400?nty7me  |c https://core.palmknihy.cz/api/books/175182/cover/50?25drc9  |e 2039-12-31  |g 32  |i 9788025333044  |k https://core.palmknihy.cz/api/books/175182/preview.pdf  |l   |q 49  |r 1  |s https://www.palmknihy.cz/kniha/175182  |t ebook  |y 2017  |z 0 
999 |d 310824